[Event "French Blitz Championship"]
[Site "portmarly2022.ffechecs.org"]
[Date "2022.05.28"]
[Round "6"]
[White "Malassagne, Isabelle"]
[Black "Shchekachev, Andrei"]
[Result "0-1"]
[Board "7"]
[WhiteElo "2092"]
[WhiteTitle "WFM"]
[WhiteCountry "FRA"]
[WhiteFideId "20670265"]
[WhiteEloChange "-2"]
[BlackElo "2500"]
[BlackTitle "GM"]
[BlackCountry "FRA"]
[BlackFideId "4107730"]
[BlackEloChange "1"]

1. d4 {[%clk 0:05:03]} g6 {[%clk 0:05:04]} 2. c4 {[%clk 0:05:01]} Bg7 {[%clk
0:05:05]} 3. Nc3 {[%clk 0:05:02]} c5 {[%clk 0:04:57]} 4. d5 {[%clk 0:05:04]} d6
{[%clk 0:04:59]} 5. e4 {[%clk 0:05:00]} e6 {[%clk 0:05:00]} 6. Nf3 {[%clk
0:04:58]} exd5 {[%clk 0:04:57]} 7. cxd5 {[%clk 0:04:46]} a6 {[%clk 0:04:59]} 8.
a4 {[%clk 0:04:47]} Bg4 {[%clk 0:04:59]} 9. Be2 {[%clk 0:04:39]} Bxf3 {[%clk
0:04:53]} 10. Bxf3 {[%clk 0:04:40]} Nf6 {[%clk 0:04:51]} 11. O-O {[%clk 0:04:28]}
Nbd7 {[%clk 0:04:37]} 12. Bg5 {[%clk 0:04:00]} O-O {[%clk 0:04:30]} 13. Qd2
{[%clk 0:03:47]} Re8 {[%clk 0:04:20]} 14. Bh6 {[%clk 0:02:35]} Bh8 {[%clk
0:04:16]} 15. Rfe1 {[%clk 0:02:28]} Qc7 {[%clk 0:03:54]} 16. Rac1 {[%clk
0:02:06]} Qa5 {[%clk 0:03:49]} 17. Qf4 {[%clk 0:01:28]} Ne5 {[%clk 0:03:28]} 18.
Be2 {[%clk 0:01:29]} Qb4 {[%clk 0:03:27]} 19. Bg5 {[%clk 0:01:10]} Nfd7 {[%clk
0:03:09]} 20. Qd2 {[%clk 0:01:11]} c4 {[%clk 0:02:49]} 21. f4 {[%clk 0:00:49]}
Nd3 {[%clk 0:02:48]} 22. Bxd3 {[%clk 0:00:50]} cxd3 {[%clk 0:02:49]} 23. Qxd3
{[%clk 0:00:41]} Nc5 {[%clk 0:02:32]} 24. Qc2 {[%clk 0:00:31]} Qd4+ {[%clk
0:02:32]} 25. Kh1 {[%clk 0:00:33]} Nd3 {[%clk 0:02:33]} 26. Re2 {[%clk 0:00:20]}
Nxc1 {[%clk 0:02:31]} 27. Qxc1 {[%clk 0:00:22]} Rac8 {[%clk 0:02:31]} 28. Qe1
{[%clk 0:00:22]} Bg7 {[%clk 0:02:03]} 29. Bh4 {[%clk 0:00:20]} Qc4 {[%clk
0:01:52]} 30. Bg3 {[%clk 0:00:22]} Bxc3 {[%clk 0:01:43]} 31. bxc3 {[%clk
0:00:24]} Qxc3 {[%clk 0:01:44]} 32. Qf1 {[%clk 0:00:17]} Qc4 {[%clk 0:01:41]} 33.
Qe1 {[%clk 0:00:07]} Qc1 {[%clk 0:01:35]} 34. e5 {[%clk 0:00:07]} Qxe1+ {[%clk
0:01:28]} 35. Rxe1 {[%clk 0:00:09]} f5 {[%clk 0:01:15]} 36. Rb1 {[%clk 0:00:10]}
b5 {[%clk 0:01:05]} 37. axb5 {[%clk 0:00:10]} axb5 {[%clk 0:01:07]} 38. h4 {[%clk
0:00:14]} Rc5 {[%clk 0:01:07]} 39. Ra1 {[%clk 0:00:11]} Rxd5 {[%clk 0:01:06]} 40.
Ra7 {[%clk 0:00:12]} h5 {[%clk 0:00:53]} 41. exd6 {[%clk 0:00:13]} Rxd6 {[%clk
0:00:51]} 42. Kh2 {[%clk 0:00:15]} Re2 {[%clk 0:00:46]} 43. Rb7 {[%clk 0:00:12]}
Rb2 {[%clk 0:00:37]} 44. Be1 {[%clk 0:00:13]} Rd3 {[%clk 0:00:31]} 45. Rc7 {[%clk
0:00:13]} b4 {[%clk 0:00:27]} 46. Rb7 {[%clk 0:00:11]} b3 {[%clk 0:00:29]} 47.
Rc7 {[%clk 0:00:12]} Rc2 {[%clk 0:00:29]} 48. Rb7 {[%clk 0:00:09]} b2 {[%clk
0:00:30]} 49. Rb5 {[%clk 0:00:09]} 0-1

[Event "French Blitz Championship"]
[Site "portmarly2022.ffechecs.org"]
[Date "2022.05.28"]
[Round "6"]
[White "Terekhov, Andrey"]
[Black "Fressinet, Laurent"]
[Result "0-1"]
[Board "8"]
[WhiteElo "2121"]
[WhiteTitle "FM"]
[WhiteCountry "FID"]
[WhiteFideId "4121481"]
[WhiteEloChange "-2"]
[BlackTitle "GM"]
[BlackElo "2677"]
[BlackCountry "FRA"]
[BlackFideId "608742"]
[BlackEloChange "1"]

1. d4 {[%clk 0:05:05]} Nf6 {[%clk 0:05:05]} 2. Nf3 {[%clk 0:05:06]} g6 {[%clk
0:05:07]} 3. g3 {[%clk 0:05:08]} Bg7 {[%clk 0:05:06]} 4. Bg2 {[%clk 0:05:10]} c5
{[%clk 0:05:07]} 5. c4 {[%clk 0:04:51]} Qa5+ {[%clk 0:05:05]} 6. Qd2 {[%clk
0:04:29]} Nc6 {[%clk 0:05:06]} 7. Qxa5 {[%clk 0:03:47]} Nxa5 {[%clk 0:05:08]} 8.
Na3 {[%clk 0:03:39]} cxd4 {[%clk 0:04:25]} 9. Nxd4 {[%clk 0:03:38]} O-O {[%clk
0:04:20]} 10. O-O {[%clk 0:03:34]} Nc6 {[%clk 0:03:55]} 11. Ndb5 {[%clk 0:03:19]}
d6 {[%clk 0:03:50]} 12. Bd2 {[%clk 0:02:45]} Bf5 {[%clk 0:03:49]} 13. Bc3 {[%clk
0:02:41]} Rac8 {[%clk 0:03:43]} 14. Rac1 {[%clk 0:02:30]} a6 {[%clk 0:03:10]} 15.
Nd4 {[%clk 0:02:31]} Bd7 {[%clk 0:03:09]} 16. b3 {[%clk 0:02:19]} Ng4 {[%clk
0:03:01]} 17. e3 {[%clk 0:01:52]} Nge5 {[%clk 0:02:45]} 18. Nxc6 {[%clk 0:01:38]}
Bxc6 {[%clk 0:02:42]} 19. Bxc6 {[%clk 0:01:18]} bxc6 {[%clk 0:02:44]} 20. Nb1
{[%clk 0:01:10]} c5 {[%clk 0:02:36]} 21. f4 {[%clk 0:01:09]} Nd3 {[%clk 0:02:28]}
22. Rcd1 {[%clk 0:01:09]} Nb4 {[%clk 0:02:29]} 23. Bxg7 {[%clk 0:01:10]} Kxg7
{[%clk 0:02:31]} 24. Nc3 {[%clk 0:01:13]} h5 {[%clk 0:02:24]} 25. f5 {[%clk
0:01:10]} Rcd8 {[%clk 0:01:55]} 26. Rd2 {[%clk 0:00:55]} Nc6 {[%clk 0:01:28]} 27.
f6+ {[%clk 0:00:33]} exf6 {[%clk 0:01:30]} 28. Ne4 {[%clk 0:00:35]} Rde8 {[%clk
0:01:22]} 29. Nxf6 {[%clk 0:00:33]} Rxe3 {[%clk 0:01:22]} 30. Rxd6 {[%clk
0:00:33]} Ne5 {[%clk 0:01:25]} 31. Rd2 {[%clk 0:00:12]} Nf3+ {[%clk 0:01:25]} 32.
Rxf3 {[%clk 0:00:09]} Rxf3 {[%clk 0:01:27]} 33. Nd5 {[%clk 0:00:09]} Re8 {[%clk
0:01:23]} 34. Kg2 {[%clk 0:00:10]} Rf5 {[%clk 0:01:25]} 35. Nc7 {[%clk 0:00:11]}
Re7 {[%clk 0:01:16]} 36. Nxa6 {[%clk 0:00:13]} Rfe5 {[%clk 0:01:09]} 37. Kf2
{[%clk 0:00:15]} h4 {[%clk 0:01:10]} 38. a3 {[%clk 0:00:15]} h3 {[%clk 0:01:09]}
39. b4 {[%clk 0:00:14]} Rf5+ {[%clk 0:01:10]} 0-1

[Event "French Blitz Championship"]
[Site "portmarly2022.ffechecs.org"]
[Date "2022.05.28"]
[Round "7"]
[White "Sochacki, Christophe"]
[Black "Lagarde, Maxime"]
[Result "0-1"]
[Board "1"]
[WhiteElo "2480"]
[WhiteTitle "GM"]
[WhiteCountry "FRA"]
[WhiteFideId "662569"]
[WhiteEloChange "-3"]
[BlackElo "2622"]
[BlackTitle "GM"]
[BlackCountry "FRA"]
[BlackFideId "662399"]
[BlackEloChange "3"]

1. d4 {[%clk 0:05:05]} Nf6 {[%clk 0:05:04]} 2. Bg5 {[%clk 0:05:07]} c5 {[%clk
0:05:05]} 3. d5 {[%clk 0:05:09]} d6 {[%clk 0:05:05]} 4. Nc3 {[%clk 0:04:58]} h6
{[%clk 0:05:07]} 5. Bxf6 {[%clk 0:04:24]} exf6 {[%clk 0:05:08]} 6. e4 {[%clk
0:04:26]} g6 {[%clk 0:05:09]} 7. f4 {[%clk 0:04:20]} f5 {[%clk 0:04:53]} 8. e5
{[%clk 0:04:16]} Bg7 {[%clk 0:04:52]} 9. Bb5+ {[%clk 0:02:54]} Bd7 {[%clk
0:04:54]} 10. Bxd7+ {[%clk 0:02:40]} Nxd7 {[%clk 0:04:45]} 11. e6 {[%clk
0:02:37]} Qe7 {[%clk 0:03:46]} 12. Qe2 {[%clk 0:02:39]} Bxc3+ {[%clk 0:03:41]}
13. bxc3 {[%clk 0:02:41]} Nf6 {[%clk 0:03:43]} 14. exf7+ {[%clk 0:02:00]} Kxf7
{[%clk 0:03:44]} 15. Qxe7+ {[%clk 0:02:02]} Kxe7 {[%clk 0:03:46]} 16. c4 {[%clk
0:01:55]} Rhe8 {[%clk 0:03:39]} 17. Rb1 {[%clk 0:01:29]} b6 {[%clk 0:03:35]} 18.
Nf3 {[%clk 0:00:42]} Kf7+ {[%clk 0:03:37]} 19. Kd1 {[%clk 0:00:40]} Ne4 {[%clk
0:03:07]} 20. Kc1 {[%clk 0:00:43]} Nc3 {[%clk 0:03:10]} 21. Rb3 {[%clk 0:00:41]}
Ne2+ {[%clk 0:03:08]} 22. Kd2 {[%clk 0:00:38]} Nxf4 {[%clk 0:03:08]} 23. g3
{[%clk 0:00:41]} Nh5 {[%clk 0:03:04]} 24. a4 {[%clk 0:00:40]} Nf6 {[%clk
0:02:34]} 25. Ra1 {[%clk 0:00:38]} Nd7 {[%clk 0:02:34]} 26. a5 {[%clk 0:00:28]}
Kf6 {[%clk 0:02:04]} 27. Kd3 {[%clk 0:00:24]} g5 {[%clk 0:02:03]} 28. Rf1 {[%clk
0:00:26]} Re4 {[%clk 0:01:55]} 29. Nd2 {[%clk 0:00:25]} Ne5+ {[%clk 0:01:55]} 30.
Kc3 {[%clk 0:00:28]} Re3+ {[%clk 0:01:57]} 31. Kb2 {[%clk 0:00:30]} Re2 {[%clk
0:01:49]} 32. Kc1 {[%clk 0:00:23]} Kg6 {[%clk 0:01:19]} 33. axb6 {[%clk 0:00:23]}
axb6 {[%clk 0:01:21]} 34. Rxb6 {[%clk 0:00:13]} Ra1+ {[%clk 0:01:12]} 35. Kb2
{[%clk 0:00:14]} Rxf1 {[%clk 0:01:09]} 36. Rxd6+ {[%clk 0:00:16]} Kh5 {[%clk
0:01:11]} 37. g4+ {[%clk 0:00:13]} Kxg4 {[%clk 0:01:08]} 38. h3+ {[%clk 0:00:14]}
Kf4 {[%clk 0:01:05]} 0-1

[Event "French Blitz Championship"]
[Site "portmarly2022.ffechecs.org"]
[Date "2022.05.28"]
[Round "7"]
[White "Vlachos, Anatole"]
[Black "Bellahcene, Bilel"]
[Result "0-1"]
[Board "2"]
[WhiteElo "2361"]
[WhiteTitle "IM"]
[WhiteCountry "GRE"]
[WhiteFideId "26093189"]
[WhiteEloChange "-5"]
[BlackElo "2562"]
[BlackTitle "GM"]
[BlackCountry "ALG"]
[BlackFideId "696358"]
[BlackEloChange "2"]

1. e4 {[%clk 0:05:05]} c5 {[%clk 0:05:05]} 2. Nf3 {[%clk 0:05:06]} d6 {[%clk
0:05:01]} 3. Bb5+ {[%clk 0:05:08]} Nd7 {[%clk 0:05:04]} 4. a4 {[%clk 0:05:09]}
Nf6 {[%clk 0:05:03]} 5. Nc3 {[%clk 0:05:12]} a6 {[%clk 0:05:05]} 6. Be2 {[%clk
0:05:13]} b6 {[%clk 0:05:07]} 7. d4 {[%clk 0:05:15]} cxd4 {[%clk 0:05:08]} 8.
Qxd4 {[%clk 0:05:17]} Bb7 {[%clk 0:05:05]} 9. O-O {[%clk 0:05:17]} g6 {[%clk
0:05:06]} 10. Re1 {[%clk 0:04:45]} Bg7 {[%clk 0:05:07]} 11. Qe3 {[%clk 0:03:28]}
O-O {[%clk 0:04:52]} 12. Nd4 {[%clk 0:02:54]} Rc8 {[%clk 0:04:45]} 13. Nb3 {[%clk
0:02:07]} Ne5 {[%clk 0:03:45]} 14. Bf1 {[%clk 0:01:52]} Nfd7 {[%clk 0:03:45]} 15.
h3 {[%clk 0:01:49]} Nc4 {[%clk 0:03:41]} 16. Qg3 {[%clk 0:01:47]} Re8 {[%clk
0:03:38]} 17. f4 {[%clk 0:01:39]} Nf6 {[%clk 0:03:29]} 18. Nd2 {[%clk 0:00:51]}
Na5 {[%clk 0:03:19]} 19. Bd3 {[%clk 0:00:42]} e5 {[%clk 0:03:21]} 20. fxe5 {[%clk
0:00:42]} Nh5 {[%clk 0:03:20]} 21. Qf2 {[%clk 0:00:22]} Nc6 {[%clk 0:03:15]} 0-1

[Event "French Blitz Championship"]
[Site "portmarly2022.ffechecs.org"]
[Date "2022.05.28"]
[Round "7"]
[White "Guliyev, Namig"]
[Black "Brunner, Nicolas"]
[Result "1-0"]
[Board "3"]
[WhiteElo "2487"]
[WhiteTitle "GM"]
[WhiteCountry "AZE"]
[WhiteFideId "13400363"]
[WhiteEloChange "3"]
[BlackElo "2372"]
[BlackTitle "IM"]
[BlackCountry "FRA"]
[BlackFideId "620246"]
[BlackEloChange "-7"]

1. e4 {[%clk 0:05:05]} c5 {[%clk 0:05:06]} 2. Nf3 {[%clk 0:05:06]} e6 {[%clk
0:05:08]} 3. d4 {[%clk 0:05:08]} cxd4 {[%clk 0:05:10]} 4. Nxd4 {[%clk 0:05:09]}
Nc6 {[%clk 0:05:12]} 5. Nb5 {[%clk 0:05:10]} d6 {[%clk 0:05:14]} 6. c4 {[%clk
0:05:12]} Nf6 {[%clk 0:05:14]} 7. N1c3 {[%clk 0:05:14]} a6 {[%clk 0:05:16]} 8.
Nd4 {[%clk 0:05:15]} Be7 {[%clk 0:05:11]} 9. Be2 {[%clk 0:05:16]} O-O {[%clk
0:05:12]} 10. Be3 {[%clk 0:05:17]} Qc7 {[%clk 0:05:07]} 11. Rc1 {[%clk 0:05:18]}
Ne5 {[%clk 0:05:00]} 12. O-O {[%clk 0:05:17]} b6 {[%clk 0:04:56]} 13. f4 {[%clk
0:05:16]} Ned7 {[%clk 0:04:57]} 14. Bf3 {[%clk 0:05:13]} Bb7 {[%clk 0:04:59]} 15.
g4 {[%clk 0:05:11]} Nc5 {[%clk 0:04:14]} 16. Qc2 {[%clk 0:05:12]} h6 {[%clk
0:02:53]} 17. h3 {[%clk 0:05:11]} Rfe8 {[%clk 0:02:47]} 18. g5 {[%clk 0:04:32]}
hxg5 {[%clk 0:02:49]} 19. fxg5 {[%clk 0:04:34]} Nh7 {[%clk 0:02:50]} 20. g6
{[%clk 0:03:47]} fxg6 {[%clk 0:02:50]} 21. b4 {[%clk 0:03:49]} e5 {[%clk
0:02:41]} 22. Nde2 {[%clk 0:03:38]} Nd7 {[%clk 0:02:20]} 23. Bg4 {[%clk 0:03:15]}
Nhf8 {[%clk 0:01:54]} 24. Nd5 {[%clk 0:03:08]} Qd8 {[%clk 0:01:39]} 25. Nec3
{[%clk 0:02:38]} Bg5 {[%clk 0:01:29]} 26. Qf2 {[%clk 0:02:24]} Bxe3 {[%clk
0:01:27]} 27. Qxe3 {[%clk 0:02:25]} Ne6 {[%clk 0:01:14]} 28. Qf3 {[%clk 0:02:11]}
Ng5 {[%clk 0:00:30]} 29. Qe3 {[%clk 0:02:12]} Ne6 {[%clk 0:00:32]} 30. Qf2 {[%clk
0:02:10]} Kh7 {[%clk 0:00:06]} 1-0

[Event "French Blitz Championship"]
[Site "portmarly2022.ffechecs.org"]
[Date "2022.05.28"]
[Round "7"]
[White "Dionisi, Thomas"]
[Black "David, Alberto"]
[Result "0-1"]
[Board "4"]
[WhiteElo "2326"]
[WhiteTitle "IM"]
[WhiteCountry "FRA"]
[WhiteFideId "651893"]
[WhiteEloChange "-4"]
[BlackElo "2548"]
[BlackTitle "GM"]
[BlackCountry "ITA"]
[BlackFideId "4000013"]
[BlackEloChange "2"]

1. e4 {[%clk 0:05:04]} c6 {[%clk 0:05:06]} 2. d4 {[%clk 0:05:05]} d5 {[%clk
0:05:08]} 3. Nc3 {[%clk 0:05:07]} dxe4 {[%clk 0:05:10]} 4. Nxe4 {[%clk 0:05:09]}
Nf6 {[%clk 0:05:12]} 5. Nxf6+ {[%clk 0:05:11]} exf6 {[%clk 0:05:14]} 6. c3 {[%clk
0:05:13]} Bd6 {[%clk 0:05:16]} 7. Bd3 {[%clk 0:05:15]} O-O {[%clk 0:05:18]} 8.
Qc2 {[%clk 0:05:18]} Re8+ {[%clk 0:05:20]} 9. Ne2 {[%clk 0:05:20]} h5 {[%clk
0:05:22]} 10. O-O {[%clk 0:05:18]} Nd7 {[%clk 0:05:22]} 11. Bd2 {[%clk 0:05:20]}
Nf8 {[%clk 0:05:17]} 12. Rae1 {[%clk 0:05:17]} h4 {[%clk 0:05:17]} 13. h3 {[%clk
0:05:17]} Be6 {[%clk 0:05:03]} 14. f4 {[%clk 0:04:47]} b5 {[%clk 0:04:53]} 15. f5
{[%clk 0:04:25]} Bc4 {[%clk 0:04:36]} 16. Bxc4 {[%clk 0:03:40]} bxc4 {[%clk
0:04:36]} 17. Qa4 {[%clk 0:03:40]} Qb6 {[%clk 0:04:40]} 18. Bc1 {[%clk 0:03:02]}
Qb5 {[%clk 0:03:22]} 19. Qxb5 {[%clk 0:03:03]} cxb5 {[%clk 0:03:24]} 20. Bf4
{[%clk 0:02:59]} Rad8 {[%clk 0:03:22]} 21. Bxd6 {[%clk 0:02:39]} Rxd6 {[%clk
0:03:24]} 22. Nf4 {[%clk 0:02:41]} Rb8 {[%clk 0:03:12]} 23. Re7 {[%clk 0:02:26]}
Rd7 {[%clk 0:02:48]} 24. Rfe1 {[%clk 0:02:25]} a5 {[%clk 0:02:23]} 25. R1e4
{[%clk 0:01:37]} b4 {[%clk 0:02:12]} 26. Rxd7 {[%clk 0:01:15]} Nxd7 {[%clk
0:02:14]} 27. Nd5 {[%clk 0:01:18]} Rb5 {[%clk 0:01:08]} 28. Ne3 {[%clk 0:01:17]}
a4 {[%clk 0:00:31]} 29. Nxc4 {[%clk 0:00:58]} a3 {[%clk 0:00:33]} 30. cxb4 {[%clk
0:00:57]} axb2 {[%clk 0:00:33]} 31. Nxb2 {[%clk 0:00:59]} Rxb4 {[%clk 0:00:36]}
32. Nd3 {[%clk 0:00:59]} Ra4 {[%clk 0:00:36]} 33. Rxh4 {[%clk 0:00:52]} Nb6
{[%clk 0:00:31]} 34. Re4 {[%clk 0:00:47]} Rxa2 {[%clk 0:00:33]} 35. Nf4 {[%clk
0:00:41]} Rd2 {[%clk 0:00:29]} 36. Kf1 {[%clk 0:00:39]} Kf8 {[%clk 0:00:24]} 37.
Ke1 {[%clk 0:00:39]} Ra2 {[%clk 0:00:23]} 38. g4 {[%clk 0:00:30]} Ra5 {[%clk
0:00:25]} 39. Ke2 {[%clk 0:00:27]} Nc4 {[%clk 0:00:26]} 40. d5 {[%clk 0:00:11]}
Nd6 {[%clk 0:00:22]} 41. Re3 {[%clk 0:00:08]} Ra4 {[%clk 0:00:22]} 42. Kf3 {[%clk
0:00:06]} Nc4 {[%clk 0:00:24]} 43. Rc3 {[%clk 0:00:04]} Nd2+ {[%clk 0:00:20]} 44.
Ke3 {[%clk 0:00:04]} Nf1+ {[%clk 0:00:20]} 0-1

[Event "French Blitz Championship"]
[Site "portmarly2022.ffechecs.org"]
[Date "2022.05.28"]
[Round "7"]
[White "Fressinet, Laurent"]
[Black "Bonte, Andrei-Mihai"]
[Result "1/2-1/2"]
[Board "5"]
[WhiteTitle "GM"]
[WhiteElo "2677"]
[WhiteCountry "FRA"]
[WhiteFideId "608742"]
[WhiteEloChange "-4"]
[BlackElo "2192"]
[BlackCountry "ROU"]
[BlackFideId "1210297"]
[BlackEloChange "8"]

1. d4 {[%clk 0:05:05]} Nf6 {[%clk 0:05:02]} 2. Nf3 {[%clk 0:05:06]} d5 {[%clk
0:05:04]} 3. c4 {[%clk 0:05:07]} e6 {[%clk 0:05:05]} 4. Nc3 {[%clk 0:05:09]} c6
{[%clk 0:04:34]} 5. e3 {[%clk 0:05:09]} Nbd7 {[%clk 0:04:35]} 6. Qc2 {[%clk
0:05:10]} Bd6 {[%clk 0:04:21]} 7. b3 {[%clk 0:05:02]} O-O {[%clk 0:03:46]} 8. Be2
{[%clk 0:05:00]} e5 {[%clk 0:03:09]} 9. cxd5 {[%clk 0:04:45]} cxd5 {[%clk
0:03:04]} 10. Nb5 {[%clk 0:04:46]} Bb4+ {[%clk 0:02:56]} 11. Bd2 {[%clk 0:04:47]}
Bxd2+ {[%clk 0:02:53]} 12. Nxd2 {[%clk 0:04:49]} a6 {[%clk 0:02:44]} 13. dxe5
{[%clk 0:04:50]} Nxe5 {[%clk 0:02:40]} 14. Nd4 {[%clk 0:04:51]} Qd6 {[%clk
0:02:08]} 15. h3 {[%clk 0:04:14]} Bd7 {[%clk 0:01:52]} 16. O-O {[%clk 0:04:13]}
Rac8 {[%clk 0:01:51]} 17. Qb2 {[%clk 0:04:13]} Rc7 {[%clk 0:01:50]} 18. Rac1
{[%clk 0:04:02]} Rfc8 {[%clk 0:01:52]} 19. N2f3 {[%clk 0:03:48]} Rxc1 {[%clk
0:01:49]} 20. Rxc1 {[%clk 0:03:50]} Rxc1+ {[%clk 0:01:50]} 21. Qxc1 {[%clk
0:03:51]} Nxf3+ {[%clk 0:01:41]} 22. Bxf3 {[%clk 0:03:53]} g6 {[%clk 0:01:44]}
23. Qc3 {[%clk 0:03:46]} h5 {[%clk 0:01:44]} 24. a4 {[%clk 0:03:25]} b6 {[%clk
0:01:40]} 25. a5 {[%clk 0:03:23]} Qc5 {[%clk 0:01:40]} 26. Qxc5 {[%clk 0:02:59]}
bxc5 {[%clk 0:01:41]} 27. Ne2 {[%clk 0:03:01]} Ne4 {[%clk 0:01:29]} 28. Nf4
{[%clk 0:01:53]} Bc6 {[%clk 0:01:17]} 29. Nd3 {[%clk 0:01:53]} c4 {[%clk
0:00:54]} 30. bxc4 {[%clk 0:01:55]} dxc4 {[%clk 0:00:56]} 31. Nb4 {[%clk
0:01:57]} c3 {[%clk 0:00:52]} 32. Bxe4 {[%clk 0:00:27]} Bxe4 {[%clk 0:00:54]} 33.
Kf1 {[%clk 0:00:29]} c2 {[%clk 0:00:33]} 34. Na2 {[%clk 0:00:32]} Bd3+ {[%clk
0:00:33]} 35. Ke1 {[%clk 0:00:32]} h4 {[%clk 0:00:33]} 36. f4 {[%clk 0:00:17]}
Be4 {[%clk 0:00:30]} 37. Kf2 {[%clk 0:00:19]} Kf8 {[%clk 0:00:25]} 38. g3 {[%clk
0:00:18]} hxg3+ {[%clk 0:00:27]} 39. Kxg3 {[%clk 0:00:20]} Ke7 {[%clk 0:00:29]}
40. Kf2 {[%clk 0:00:22]} Kd6 {[%clk 0:00:31]} 41. Ke1 {[%clk 0:00:25]} Kc5 {[%clk
0:00:32]} 42. Kd2 {[%clk 0:00:27]} Kc4 {[%clk 0:00:19]} 43. h4 {[%clk 0:00:27]}
Kb3 {[%clk 0:00:15]} 44. Nc1+ {[%clk 0:00:23]} Kb2 {[%clk 0:00:17]} 45. Ne2
{[%clk 0:00:21]} f6 {[%clk 0:00:12]} 46. Nc1 {[%clk 0:00:20]} Bf5 {[%clk
0:00:08]} 47. Ne2 {[%clk 0:00:22]} Be4 {[%clk 0:00:08]} 48. Nc1 {[%clk 0:00:22]}
Bf5 {[%clk 0:00:08]} 49. Ne2 {[%clk 0:00:24]} Be4 {[%clk 0:00:08]} 1/2-1/2

[Event "French Blitz Championship"]
[Site "portmarly2022.ffechecs.org"]
[Date "2022.05.28"]
[Round "7"]
[White "Shchekachev, Andrei"]
[Black "Viers, Emmanuel"]
[Result "1-0"]
[Board "6"]
[WhiteElo "2500"]
[WhiteTitle "GM"]
[WhiteCountry "FRA"]
[WhiteFideId "4107730"]
[WhiteEloChange "1"]
[BlackElo "2163"]
[BlackCountry "FRA"]
[BlackFideId "656739"]
[BlackEloChange "-3"]

1. Nf3 {[%clk 0:05:04]} Nf6 {[%clk 0:05:05]} 2. c4 {[%clk 0:05:06]} b6 {[%clk
0:05:07]} 3. g3 {[%clk 0:05:04]} Bb7 {[%clk 0:05:09]} 4. Bg2 {[%clk 0:05:06]} g6
{[%clk 0:05:11]} 5. d4 {[%clk 0:05:03]} Bg7 {[%clk 0:05:13]} 6. d5 {[%clk
0:05:04]} c6 {[%clk 0:05:12]} 7. Nc3 {[%clk 0:04:47]} cxd5 {[%clk 0:04:52]} 8.
cxd5 {[%clk 0:04:47]} e6 {[%clk 0:04:17]} 9. dxe6 {[%clk 0:04:08]} fxe6 {[%clk
0:03:14]} 10. O-O {[%clk 0:04:07]} O-O {[%clk 0:03:16]} 11. Bf4 {[%clk 0:03:59]}
d5 {[%clk 0:03:14]} 12. Nb5 {[%clk 0:03:42]} Ne8 {[%clk 0:02:26]} 13. Nbd4 {[%clk
0:03:35]} Qe7 {[%clk 0:02:11]} 14. Be5 {[%clk 0:03:22]} Nd7 {[%clk 0:01:57]} 15.
Bxg7 {[%clk 0:03:18]} Nxg7 {[%clk 0:01:34]} 16. Bh3 {[%clk 0:03:03]} Nf5 {[%clk
0:01:23]} 17. Rc1 {[%clk 0:02:35]} Rac8 {[%clk 0:01:22]} 18. Qa4 {[%clk 0:01:54]}
a6 {[%clk 0:01:05]} 19. Qb3 {[%clk 0:01:50]} Qd6 {[%clk 0:00:25]} 20. Nxf5 {[%clk
0:00:50]} gxf5 {[%clk 0:00:15]} 21. Qe3 {[%clk 0:00:47]} e5 {[%clk 0:00:05]} 22.
Qg5+ {[%clk 0:00:35]} Qg6 {[%clk 0:00:06]} 23. Qe7 {[%clk 0:00:36]} Qf7 {[%clk
0:00:06]} 24. Qxf7+ {[%clk 0:00:18]} Rxf7 {[%clk 0:00:08]} 25. Rxc8+ {[%clk
0:00:20]} Bxc8 {[%clk 0:00:10]} 26. Rc1 {[%clk 0:00:22]} Bb7 {[%clk 0:00:05]} 27.
Ng5 {[%clk 0:00:16]} Re7 {[%clk 0:00:04]} 28. Rc7 {[%clk 0:00:16]} Rg7 {[%clk
0:00:04]} 29. Rxb7 {[%clk 0:00:14]} Rxg5 {[%clk 0:00:05]} 30. Rxd7 {[%clk
0:00:15]} 1-0

[Event "French Blitz Championship"]
[Site "portmarly2022.ffechecs.org"]
[Date "2022.05.28"]
[Round "7"]
[White "Daeschler, Florian"]
[Black "Rakotomaharo, Fy Antenaina"]
[Result "0-1"]
[Board "7"]
[WhiteElo "2195"]
[WhiteTitle "FM"]
[WhiteCountry "FRA"]
[WhiteFideId "20678193"]
[WhiteEloChange "-3"]
[BlackElo "2473"]
[BlackTitle "IM"]
[BlackCountry "MAD"]
[BlackFideId "13100050"]
[BlackEloChange "2"]

1. d4 {[%clk 0:05:05]} Nf6 {[%clk 0:05:04]} 2. c4 {[%clk 0:05:07]} g6 {[%clk
0:05:06]} 3. g3 {[%clk 0:05:09]} c6 {[%clk 0:05:06]} 4. Bg2 {[%clk 0:05:11]} d5
{[%clk 0:05:09]} 5. Qa4 {[%clk 0:05:13]} Nfd7 {[%clk 0:05:10]} 6. cxd5 {[%clk
0:05:14]} Nb6 {[%clk 0:05:12]} 7. Qd1 {[%clk 0:05:13]} cxd5 {[%clk 0:05:13]} 8.
Nc3 {[%clk 0:05:13]} Bg7 {[%clk 0:05:15]} 9. e3 {[%clk 0:05:12]} Nc6 {[%clk
0:05:15]} 10. Nge2 {[%clk 0:05:14]} O-O {[%clk 0:05:08]} 11. Nf4 {[%clk 0:05:14]}
e6 {[%clk 0:05:09]} 12. O-O {[%clk 0:05:15]} Nc4 {[%clk 0:05:08]} 13. b3 {[%clk
0:05:10]} Nd6 {[%clk 0:05:09]} 14. Ba3 {[%clk 0:04:57]} b6 {[%clk 0:04:54]} 15.
Rc1 {[%clk 0:04:46]} Ba6 {[%clk 0:04:41]} 16. Re1 {[%clk 0:04:42]} Qd7 {[%clk
0:04:42]} 17. h4 {[%clk 0:04:14]} Rfc8 {[%clk 0:04:25]} 18. h5 {[%clk 0:04:06]}
Nf5 {[%clk 0:03:19]} 19. hxg6 {[%clk 0:03:49]} hxg6 {[%clk 0:03:19]} 20. Qg4
{[%clk 0:03:38]} Nce7 {[%clk 0:02:56]} 21. Nh3 {[%clk 0:03:20]} Rc7 {[%clk
0:02:15]} 22. Ng5 {[%clk 0:02:54]} Rac8 {[%clk 0:02:15]} 23. Ne2 {[%clk 0:02:08]}
Bf6 {[%clk 0:00:57]} 24. Nh3 {[%clk 0:01:38]} Rxc1 {[%clk 0:00:38]} 25. Rxc1
{[%clk 0:01:35]} Rxc1+ {[%clk 0:00:40]} 26. Nxc1 {[%clk 0:01:29]} Qc7 {[%clk
0:00:39]} 27. Qf3 {[%clk 0:01:01]} Kg7 {[%clk 0:00:24]} 28. Nf4 {[%clk 0:00:50]}
Nd6 {[%clk 0:00:16]} 29. Bxd6 {[%clk 0:00:47]} Qxd6 {[%clk 0:00:18]} 30. Bf1
{[%clk 0:00:45]} Bb7 {[%clk 0:00:13]} 31. Ncd3 {[%clk 0:00:45]} Nf5 {[%clk
0:00:12]} 32. g4 {[%clk 0:00:43]} Nh4 {[%clk 0:00:13]} 33. Qg3 {[%clk 0:00:37]}
Qe7 {[%clk 0:00:15]} 34. Nh3 {[%clk 0:00:25]} g5 {[%clk 0:00:16]} 35. f4 {[%clk
0:00:24]} Ng6 {[%clk 0:00:05]} 36. Be2 {[%clk 0:00:16]} gxf4 {[%clk 0:00:04]} 37.
Nhxf4 {[%clk 0:00:16]} Bh4 {[%clk 0:00:06]} 38. Nh5+ {[%clk 0:00:17]} Kh7 {[%clk
0:00:08]} 39. Qh2 {[%clk 0:00:16]} Qg5 {[%clk 0:00:09]} 40. Ndf4 {[%clk 0:00:13]}
e5 {[%clk 0:00:10]} 41. Ng2 {[%clk 0:00:13]} exd4 {[%clk 0:00:11]} 42. exd4
{[%clk 0:00:14]} Bc8 {[%clk 0:00:12]} 43. Qc7 {[%clk 0:00:12]} Be6 {[%clk
0:00:13]} 44. Qxa7 {[%clk 0:00:05]} Qd2 {[%clk 0:00:08]} 45. Bf1 {[%clk 0:00:06]}
Qxd4+ {[%clk 0:00:10]} 46. Kh1 {[%clk 0:00:07]} Be7 {[%clk 0:00:09]} 47. Qa6
{[%clk 0:00:07]} Bc5 {[%clk 0:00:09]} 48. Kh2 {[%clk 0:00:08]} Bd6+ {[%clk
0:00:10]} 49. Kh1 {[%clk 0:00:10]} Bc5 {[%clk 0:00:09]} 50. Kh2 {[%clk 0:00:12]}
Ne5 {[%clk 0:00:09]} 51. Qe2 {[%clk 0:00:13]} Nxg4+ {[%clk 0:00:10]} 52. Kh3
{[%clk 0:00:14]} Ne3+ {[%clk 0:00:10]} 53. Kh2 {[%clk 0:00:14]} 0-1